[Event "PNWCC-Pirot Hybrid m"]
[Site "Chess.com INT"]
[Date "2021.09.19"]
[Round "4.6"]
[White "Arandjelovic, Aleksandar Z"]
[Black "Xu, Jayden"]
[Result "0-1"]
[WhiteElo "1921"]
[BlackElo "1680"]
[PlyCount "100"]
[EventDate "2021.09.18"]
[EventType "team-match"]
[EventRounds "4"]
[EventCountry "USA"]
[SourceTitle "CBM 204 Extra"]
[Source "ChessBase"]
[SourceDate "2021.11.30"]
[SourceVersion "1"]
[SourceVersionDate "2021.11.30"]
[SourceQuality "1"]
[WhiteTeam "Pirot"]
[BlackTeam "PNWCC"]
[WhiteTeamCountry "SRB"]
[BlackTeamCountry "USA"]

1. d4 Nf6 2. c4 e6 3. Nc3 Bb4 4. Bg5 c5 5. d5 Bxc3+ 6. bxc3 d6 7. e3 Qe7 8. Qc2 e5 9. Nf3 Nbd7 10. Nd2 e4 11. Be2 h6 12. Bh4 g5 13. Bg3 Nf8 14. h4 Ng6 15. hxg5 hxg5 16. Rxh8+ Nxh8 17. Rb1 Ng6 18. a4 Bf5 19. a5 Ne5 20. Bxe5 dxe5 21. Nf1 Kf8 22. Rb5 Qc7 23. Ng3 Bd7 24. Nxe4 Nxe4 25. Qxe4 Bxb5 26. cxb5 Rd8 27. Bh5 Qxa5 28. Qxe5 Qa1+ 29. Bd1 Re8 30. Qf6 Qb1 31. Qh8+ Ke7 32. Qe5+ Kd7 33. Qf6 Qg6 34. Bg4+ Kc7 35. b6+ axb6 36. d6+ Kb8 37. Qxg6 fxg6 38. d7 Rf8 39. c4 Kc7 40. Kd2 Rxf2+ 41. Kd3 Rxg2 42. Be6 g4 43. Ke4 g3 44. Kf3 Rg1 45. e4 g5 46. Bf5 Kd8 47. Bh3 b5 48. e5 bxc4 49. e6 c3 50. Bf5 g2 0-1